000 00634cam a2200217 a 4500
999 _c156090
_d156090
005 20211011120529.0
010 _aB-701345-346 B-741728
020 _a9789352750405
_c195.00
035 _aB-701345-346
035 _aB-741728
037 _aDBAD
_bdpl
037 _bGift
082 _aS
100 1 _aCoolidge, Susan
245 1 4 _aWhat katy did /
_cby Susan Coolidge
260 _aLondon
_bScholastic
_c2017
300 _a197p:
_c21 cm.(pbk)
942 _2ddc
_cCH
_hS
_mCOO